Responses for Show #7773 - Wednesday, May 30, 2018

Contestants

[<< previous game]

Amy Cuzzolino, an attorney from Bloomfield, New Jersey

Amanda McClendon, a librarian from Houston, Texas

Jeffrey Schwarz, a private investor from New York, New York (whose 1-day cash winnings total $25,000)

[next game >>]

Jeopardy! Round responses

MUSIC INDUSTRY TERMS
REFRIGERATOR MAGNETS
SENDING AN ANAGRAM
THE HILL
DAILY BEAST
POLITICO
    $200 21
a sample

Amanda
    $200 26
grapes

Amanda
    $200 11
apartheid

Jeffrey
    $200 1
(Amanda: What is the areopagus?)
(Amy: What is the Parthenon?)

the acropolis

AmandaAmy
Triple Stumper
    $200 6
armadillo

Triple Stumper
    $200 12
Chuck Schumer

Amy
    $400 22
streaming

Amy
    $400 27
Ben & Jerry's

Jeffrey
    $400 13
devotion

Amanda
    $1,000 2
Parliament Hill

Jeffrey
    $400 7
a fox

Amanda
    $400 17
(Amy: Who is John McCain?)

(Mitt) Romney

AmandaAmy
    $600 23
a crossover

Amanda
    $600 28
cheesecake

Amanda
    $600 14
rhinoplasty

Amy
    $600 3
(Amy: What is Martyr?)

Montmartre

JeffreyAmy
    $600 8
a porpoise

Amanda
    $600 18
Ted Cruz

Amy
    $800 24
(Jeffrey: What is standing room only?)

festival seating

Jeffrey
Triple Stumper
    $800 29
[The end-of-round signal sounds.]

Popeyes

Amy
    $800 15
dynamo

Triple Stumper
    $800 4
Calvary

Amanda
    $800 9
(Amy: What is a python?)

a boa

Amy
Triple Stumper
    $800 19
Springer

Amanda
    $1000 25
(Alex: Less than a minute to go now.)

a standard

Triple Stumper
    $1000 16
preposterous

Amy
    $1000 5
Mark Hopkins

Triple Stumper
    $1000 10
dromedary

Amy
    $1000 20
Detroit

Jeffrey

Scores at the first commercial break (after clue 15):

Jeffrey Amanda Amy
$1,800 $2,000 $200

Scores at the end of the Jeopardy! Round:

Jeffrey Amanda Amy
$2,400 $4,800 $2,600

Double Jeopardy! Round responses

SWISSTORY
GENERAL KNOWLEDGE
VISITORS FROM SPACE
MY OLD "L.P."s
MALE AUTHORS
TRIBAL STATES
(Alex: You have to name the state where each federally accepted or recognized tribe resides.)
    $400 1
the Swiss Guard

Amy
    $400 19
to vote

Jeffrey
    $400 24
Amy Adams

Amanda
    $400 6
a learner's permit

Amanda
    $400 11
John Grisham

Amanda
    $400 16
New Mexico

Amanda
    $1,000 2
(Amy: Who is Augustus?)

Julius Caesar

Amy
    $800 20
the roadrunner

Amy
    $800 25
(Jeffrey: What is 3rd Rock? ...What is 3rd Rock from the Moon--from the Sun?)

3rd Rock from the Sun

Jeffrey
    $800 7
a launching pad

Jeffrey
    $800 12
Thomas Hardy

Amy
    $800 17
(Jeffrey: What is Oregon?)
(Amanda: What is Washington?)

Idaho

JeffreyAmanda
Triple Stumper
    $1200 3
Prussia

Jeffrey
    $1200 21
the daffodil

Amanda
    $1200 26
Roswell

Amanda
    $1200 8
long play

Amy
    $1200 13
Oscar Wilde

Amanda
    $1200 18
New York

Jeffrey
    $1600 4
Credit (Suisse)

Amy
    $1600 22
polygamy

Amanda
    $1600 27
Close Encounters of the Third Kind

Amanda
    $1600 9
La Paz

Amy
    $1600 14
Kipling

Amanda
    $1600 29
Maine

Triple Stumper
    $2000 5
the Hapsburgs

Jeffrey
    $2000 23
Sonoma

Jeffrey
    $2000 28
Brother from Another Planet

Jeffrey
    $2000 10
Luigi Pirandello

Triple Stumper
    $400 15
(Amanda: Who is Faulkner?)
(Alex: No, you had to think of Catch-22 and [*].)

Joseph Heller

Amanda
    $2000 30
South Dakota (or North Dakota)

Jeffrey

Scores at the end of the Double Jeopardy! Round:

Jeffrey Amanda Amy
$14,000 $13,600 $8,000

[wagering suggestions for these scores]

Final Jeopardy! Round responses

AMERICAN COMPOSERS
AmyWho is Joplin?
$7,000
AmandaWho was Morton?
$1,400
JeffreyWho is Scott Joplin
$13,500
Scott Joplin

Final scores:

Jeffrey Amanda Amy
$27,500 $12,200 $15,000
2-day champion: $52,500 3rd place: $1,000 2nd place: $2,000

Game dynamics:

Coryat scores:

Jeffrey Amanda Amy
$13,400 $14,000 $9,000
14 R
(including 1 DD),
2 W
20 R,
3 W
(including 1 DD)
13 R,
5 W
(including 1 DD)

Combined Coryat: $36,400

[game clues] [game scores] [suggest correction]

Game tape date: 2018-02-07
The J! Archive is created by fans, for fans. Scraping, republication, monetization, and malicious use prohibited; this site may use cookies and collect identifying information. See terms. The Jeopardy! game show and all elements thereof, including but not limited to copyright and trademark thereto, are the property of Jeopardy Productions, Inc. and are protected under law. This website is not affiliated with, sponsored by, or operated by Jeopardy Productions, Inc. Join the discussion at JBoard.tv.